TOP 3 bevölkerungsreichste Städte je Kanton Teil 2 (14-26) - Statistiken

Allgemein
  • Dieses Quiz wurde 21 mal gespielt
  • Das Durchschnittsergebnis liegt bei 19 aus 39
Antwortstatistiken
KN Kanton (Deutsch/Schweizerdeutsch) Einwohner Stadt % Korrekt
14 Schaffhausen/Schafuuse 36'332 Schaffhausen
100%
17 St. Gallen/Sanggale 75'522 St. Gallen
100%
19 Aargau/Aargou, Aargau, Aargöi 21'459 Aarau
88%
18 Graubünden/Graubünda, Bündnerland 35'038 Chur
88%
22 Waadt/Wadt 138'905 Lausanne
88%
21 Tessin 43'181 Bellinzona
82%
25 Genf/Gämf, Gänf 200'548 Genf
82%
24 Neuenburg/Nöieburg, Nüüeburg 33'578 Neuenburg
82%
16 Innerrhoden/Appezöll Innerode 5809 Appenzell
76%
21 Tessin 63'494 Lugano
76%
18 Graubünden/Graubünda, Bündnerland 10'937 Davos
65%
21 Tessin 16'012 Locarno
65%
22 Waadt/Wadt 26'574 Montreux
65%
20 Thurgau/Tùùrgi, Tùùrgau 25'058 Frauenfeld
59%
15 Ausserrhoden/Appezäll Osserode 15'780 Herisau
59%
20 Thurgau/Tùùrgi, Tùùrgau 21'537 Kreuzlingen
59%
23 Wallis 34'599 Sitten
59%
19 Aargau/Aargou, Aargau, Aargöi 19'339 Baden
53%
17 St. Gallen/Sanggale 23'768 Wil
53%
26 Jura 12'625 Delêmont
47%
19 Aargau/Aargou, Aargau, Aargöi 20'847 Wettingen
47%
24 Neuenburg/Nöieburg, Nüüeburg 38'625 La Chaux-de-Fonds
41%
25 Genf/Gämf, Gänf 35'132 Vernier
41%
20 Thurgau/Tùùrgi, Tùùrgau 14'256 Arbon
35%
26 Jura 6809 Porrentruy
35%
18 Graubünden/Graubünda, Bündnerland 8849 Landquart
29%
23 Wallis 17'563 Monthey
29%
25 Genf/Gämf, Gänf 31'942 Lancy
24%
14 Schaffhausen/Schafuuse 5445 Thayngen
24%
22 Waadt/Wadt 30'143 Yverdon-les-Bains
24%
14 Schaffhausen/Schafuuse 10'454 Neuhausen am Rheinfall
18%
15 Ausserrhoden/Appezäll Osserode 6267 Teufen
18%
24 Neuenburg/Nöieburg, Nüüeburg 16'907 Val-de-Ruz
18%
17 St. Gallen/Sanggale 26'989 Rapperswil-Jona
12%
16 Innerrhoden/Appezöll Innerode 3606 Rüte
12%
15 Ausserrhoden/Appezäll Osserode 4293 Speicher
12%
26 Jura 6928 Haute-Sorne
6%
23 Wallis 18'174 Martinach
6%
16 Innerrhoden/Appezöll Innerode 2202 Schwende
6%
Keine übereinstimmenden Quizze gefunden
Verteilung der Resultate
Anzahl Personen mit jedem Resultat
Perzentil nach korrekt beantworteten Fragen
Ihre Resultats-Entwicklung
Sie haben dieses Quiz noch nicht gespielt